000 00777nam a2200253Ia 4500
003 OSt
005 20221005092707.0
006 a|||||r|||| 00| 0
007 ta
008 221004b |||||||| |||| 00| 0 eng d
020 _a9781416567844 (hbk)
_c995
024 _a102271
037 _b148, 20/02/2010, Standard Book House
_cTextual
040 _aCRL
_cCRL
_beng
041 _2eng
_aeng
082 _aVIN39, P8
100 _aBaker Nicholson
_9617657
245 0 _aHuman smoke
_bThe beginnings of world war II, the end of civilization
260 _aNew York
_bSimon & Schuster USA
_c2008
300 _a566p.
_ccm.
650 _aHISTORY
942 _hVIN39, P8
_cTEXL
_2cc
999 _c999236
_d999236